Desafíos de la psicología en la sociedad actual: ética, psicología y sociedad

Zapisane w:
Opis bibliograficzny
1. autor: Descouvières, Carlos (Autor)
Format: Książka
Język:hiszpański
Wydane: Santiago Lom 1997
Seria:Colección Sin Norte
Hasła przedmiotowe:
Etykiety: Dodaj etykietę
Nie ma etykietki, Dołącz pierwszą etykiete!

MARC

LEADER 00000nam a2200000 a 4500
001 UCM1463
003 CL-VaPUC
008 020404e19971100CL |||||||||||||||||spa|d
082 0 4 |a 302  |b DES  |2 21 
100 |a Descouvières, Carlos  |e author  |9 468422 
245 1 0 |a Desafíos de la psicología en la sociedad actual: ética, psicología y sociedad 
300 |a 134 p 
942 |c BK 
945 |d 20020404 00:00:00  |a vberengu 
260 |a Santiago  |b Lom  |c 1997 
650 0 |a Psicología social   |9 222894 
651 7 |a CHILE  |2 CL-VaPUC  |9 468423 
583 |a last modification  |c 20020404 00:00:00  |k Rodrigo Vera 
490 0 |a Colección Sin Norte 
999 |c 299917  |d 299915 
952 |0 0  |1 0  |4 0  |6 302_000000000000000_DES_1997  |7 0  |8 A  |9 356996  |a BIBEDU  |b BIBEDU  |d 2019-11-21  |i 3803074  |o 302 DES 1997  |p 3803074  |r 2019-11-21  |w 2019-11-21  |y BK  |k BME